00708nam a22001817a 4500008004100000040005500041080001800096245005300114260004000167300001500207490006600222650002300288653002000311700002600331942001200357999001700369952014000386230328b |||||||| |||| 00| 0 eng d aNational Science LibrarycNational Science Library a536.764bL0.1 aPhase diagrams materials science and technology  aNew York: bAcademic Press, c1970  aix, 358p.  aTheory, principles, and techniques of phase diagrams vVol.1  aMaterials science  aPhase diagrams  aAlper, Allen M (Ed.)  2udccBK c16141d16141 00102udc406536764_L0170923951aNSLbNSLcGF/Rk-4/C-14/R-2d1972-03-18l0o536.764 L0.1p42583r2023-03-28 00:00:00w2023-03-28yBK